| 000 | 00544nam a2200193Ia 4500 | ||
|---|---|---|---|
| 003 | GCL | ||
| 008 | 140319s9999 xx 000 0 ara d | ||
| 040 |
_aGCL / _cGCL |
||
| 082 | 0 | 4 |
_aق _b962 _bع م |
| 100 | 1 | _aعبدالخالق لاشين | |
| 245 | 1 | 0 |
_aمصريات فى الفكر والسياسة / _cعبدالخالق لاشين |
| 300 | _a271 ص | ||
| 490 | _a | ||
| 650 | 0 | 4 | _aمصر |
| 650 | 0 | 4 | _aالاحوال السياسية |
| 650 | 0 | 4 | _aتاريخ حديث |
| 650 | 0 | 4 | _aالاحوال الثقافية |
| 942 |
_2ddc _cBK |
||
| 999 |
_c43602 _d43602 |
||